000 00449nam a2200169Ia 4500
001 33078
003 IN-NITTTR
005 20251114233436.0
008 251113s9999||||xx |||||||||||||| ||eng||
040 _beng
040 _cIN-NITTTR
041 _aeng
082 _aTA664
100 _aVellasco, Pedro Colmar Goncalves da Silva
245 0 _aModeling Steel and Composite Structures /
_cVellasco, Pedro Colmar Goncalves da Silva
942 _2ddc
_cBK
999 _c35619
_d35619